| 000 | 00754 a2200217 4500 | ||
|---|---|---|---|
| 001 | 64031 | ||
| 005 | 20260521160829.0 | ||
| 008 | 260521a1961 arg spa d | ||
| 003 | AR-UNSa-BCEJYS | ||
| 040 |
_aAR-UNSa-BCEJYS _bspa _cAR-UNSa-BCEJYS |
||
| 080 |
_a658.012.4 _xGestión. Dirección. Autoridad. Técnicas y métodos de gestión (gestión del conocimiento, Outsourcing, Benchmarking...) |
||
| 245 | 1 | 0 | _aOrganización y dirección de empresas |
| 264 | 1 |
_aMéxico : _bUnión Tipográfica Editorial Hispano-Americana (UTEHA) _c1961 |
|
| 300 |
_axv, 694 p. _c23 cm. |
||
| 041 | _aspa | ||
| 942 | _cBK | ||
| 590 | _aniveau_biblio:m niveau_hierar:0 | ||
| 100 | 1 | _aPetersen, Elmore | |
| 700 | 1 | _aPlowman, E. Grosvenor | |
| 700 | 1 | _aContro Malo, J. | |
| 999 |
_c36508 _d36508 |
||